| 000 | 01099 a2200229 4500 | ||
|---|---|---|---|
| 001 | 30621 | ||
| 005 | 20260407155616.0 | ||
| 008 | 260407a1981 arg spa d | ||
| 003 | AR-UNSa-BCEJYS | ||
| 040 |
_aAR-UNSa-BCEJYS _bspa _cAR-UNSa-BCEJYS |
||
| 080 |
_a330.14 _xCapital |
||
| 245 | 1 | 0 |
_aCapitalismo periferico _pcrisis y transformación |
| 020 | _a978-968-16-0819-4 | ||
| 264 | 1 |
_aMéxico : _bFondo de Cultura Económica _c1981 |
|
| 300 |
_a344 p. _c23 cm. |
||
| 505 | _a1. La periferia latinoaméricana en el sistema global del capitalismo - 2. La estructura social, sus mutuaciones y la distribución del ingreso - 3. La apropiación, redistribución y crisis del sistema - 4. Las disparidades estructurales entre los centros y la perifería - 5. Las teorías neoclásicas del liberalismo económico - 6. Hacía una teoría de la transformación - | ||
| 041 | _aspa | ||
| 942 | _cBK | ||
| 590 | _aniveau_biblio:m niveau_hierar:0 | ||
| 100 | 1 | _aPrebisch, Raúl | |
| 856 | 4 | 1 |
_uhttps://biblioeco.unsa.edu.ar/pmb/images/libros/Capitalismo periferico-l44175.jpg _yImagen de portada _qimage/jpeg |
| 999 |
_c2099 _d2099 |
||